000 00940nam a2200181 a 4500
008 120416s1990 ||||||||||||||||| || u
020 _a081380034x
050 _aHD 2131.5.Z8
100 _aWood, Adrian P
245 1 4 _aThe Dynamics of agricultural policy and reform in Zambia
_cedited by Adrian P. Wood [and others]
260 _aAmes, Iowa
_bIowa State University
_c1990
300 _axlv, 682p. : ill.
350 _a0.00
650 _aTEXTBOOKS
995 _aMAIN LIBRARY OPEN ACCESS
_D0.00
_e721818
_FCBU-MAIN LIBRARY (Kitwe)
_H1
_I10.00
_jHD 2131.5.Z8 Dyn
_M1
_UAVAILABLE
_WOct 5, 2007
_y024120
_ZMain Library Open Access Collection
995 _aSPECIAL COLLECTIONS
_D0.00
_e721284
_FCBU-MAIN LIBRARY (Kitwe)
_H2
_I10.00
_jZAM HD 2131.5.Z8 Dyn
_M2
_UAVAILABLE
_WOct 5, 2007
_y018711
_ZZambiana Collection
995 _aSPECIAL COLLECTIONS
_D0.00
_e721283
_FCBU-MAIN LIBRARY (Kitwe)
_H3
_I10.00
_jZAM HD 2131.5.Z8 Dyn
_M3
_UAVAILABLE
_y018710
_ZZambiana Collection
999 _c75663
_d75663